Nutrition Assessment : Clinical and Research Applications /
Estudio que desarrolla los elementos que dan sustento científico a la evaluación nutricional y su aplicación en diferentes entornos. Contenido: 1) Introducción; 2) Métodos de evaluación: métodos dietéticos; 3) Método de evaluación: métodos antropométricos; 4) Método de evaluación: evaluación bioquím...
Furkejuvvon:
| Váldodahkki: | |
|---|---|
| Eará dahkkit: | |
| Materiálatiipa: | Girji |
| Giella: | eaŋgalasgiella |
| Almmustuhtton: |
Burlington, EUA :
Jones and Bartlett,
2019, c2019
|
| Fáttát: | |
| Liŋkkat: | Ver documento en línea |
| Fáddágilkorat: |
Eai fáddágilkorat, Lasit vuosttaš fáddágilkora!
|
MARC
| LEADER | 00000nam^a2200000^a^4500 | ||
|---|---|---|---|
| 001 | 000424380 | ||
| 005 | 20251023000000.0 | ||
| 009 | 20260310122650.012 | ||
| 022 | |a 9781284127690 | ||
| 037 | |a Acervo ITESO - Biblioteca | ||
| 041 | |a ING | ||
| 082 | |a 613. 2 |b MUN | ||
| 100 | |a Munoz, Nancy |e (autor) | ||
| 245 | 1 | 0 | |a Nutrition Assessment : |b Clinical and Research Applications / |c N. Munoz, M. Bernstein ; pról. de Mary Litchford. |
| 264 | 4 | |a Burlington, EUA : |b Jones and Bartlett, |c 2019, c2019 | |
| 264 | 2 | |a Birmingham, EUA : |b EBSCOhost [distribución], |c 2019 | |
| 300 | |a 1 libro electrónico en línea (XXII, 519 p.) | ||
| 300 | |a 1 recurso en línea | ||
| 336 | |a datos para computadora |b cod |2 rdacontenido | ||
| 337 | |a computadora |b c |2 rdamedio | ||
| 338 | |a recurso en línea |b cr |2 rdasoporte | ||
| 506 | 1 | |a 3 licencias | |
| 520 | |a Estudio que desarrolla los elementos que dan sustento científico a la evaluación nutricional y su aplicación en diferentes entornos. Contenido: 1) Introducción; 2) Métodos de evaluación: métodos dietéticos; 3) Método de evaluación: métodos antropométricos; 4) Método de evaluación: evaluación bioquímica; 5) Método de evaluación: evaluación clínica; 6) Aplicación: Coaching Nutricional y nutrición internacional. | ||
| 521 | |a Peticiones 2021 | ||
| 649 | |a XX | ||
| 650 | |a Orientación Nutricional | ||
| 650 | |a Dietética | ||
| 650 | |a Bioquímica | ||
| 650 | |a Antropometría | ||
| 650 | |a Nutrición - |x Investigación - |x Tema Principal | ||
| 650 | |a Salud | ||
| 700 | |a Bernstein, Melissa |e (autor) | ||
| 856 | 4 | 0 | |u https://ezproxy.iteso.mx/login?url=https://search.ebscohost.com/login.aspx?direct=true&scope=site&db=nlebk&db=nlabk&AN=1743648 |y Ver documento en línea |
| 910 | |a Fondo General | ||
| 920 | |a Electrónicos - Libros en Línea | ||
| 930 | |a Plataforma Digital | ||
| 905 | |a 205 | ||
| 901 | |a 424380-1 |b IT2 |c EBO |i C173639 |u 20250521 | ||
| 901 | |a 424380-2 |b IT2 |c EBO |i C173640 |u 20250521 | ||
| 901 | |a 424380-3 |b IT2 |c EBO |i C173641 |u 20250521 | ||
| 902 | |a https://opac.biblio.iteso.mx/vufind/Record/000424380 | ||